Waterparks (all songs 2025) - Statistics

General Stats
  • This quiz has been taken 411 times
    104 since last reset
  • The average score is 73 of 87
Answer Stats
Album/ EP Song % Correct
Black Light Christmas
94%
Entertainment Not Warriors
94%
Cluster Crave
92%
Greatest Hits Greatest Hits
92%
Entertainment Lucky People
92%
Intellectual Property ST*RFUCKER
92%
Entertainment TANTRUM
92%
Intellectual Property A NIGHT OUT ON EARTH
90%
FANDOM Cherry Red
90%
Intellectual Property 2 FAI2
90%
Intellectual Property FUCK ABOUT IT
90%
Intellectual Property FUNERAL GREY
90%
Double Dare Gloom Boys
90%
Double Dare Hawaii (Stay Awake)
90%
FANDOM I Miss Having Sex But At Least I Don't Wanna Die Anymore
90%
Airplane Conversations I Was Hiding Under Your Porch Because I Love You
90%
Intellectual Property REAL SUPER DARK
90%
Intellectual Property 2 SOULSUCKER
90%
FANDOM Turbulent
90%
Entertainment 11:11
88%
Intellectual Property 2 BEST FRIENDS
88%
Intellectual Property CLOSER
88%
Entertainment Crybaby
88%
FANDOM Dream Boy
88%
FANDOM Easy To Hate
88%
Cluster Mad All The Time
88%
Entertainment Peach (Lobotomy)
88%
Cluster Pink
88%
Intellectual Property RITUAL
88%
Entertainment We Need To Talk
88%
Double Dare 21 Questions
86%
Greatest Hits American Graffiti
86%
Entertainment Blonde
86%
FANDOM High Definition
86%
Double Dare I'll Always Be Around
86%
Double Dare Plum Island
86%
Entertainment Rare
86%
Greatest Hits See You In the Future
86%
Airplane Conversations Silver
86%
Double Dare Stupid For You
86%
Greatest Hits Violet!
86%
Double Dare Dizzy
84%
Black Light Easter Egg
84%
Greatest Hits Fuzzy
84%
Greatest Hits Gladiator (Interlude)
84%
FANDOM Group Chat
84%
FANDOM I Felt Younger When We Met
84%
Greatest Hits Lowkey As Hell
84%
Greatest Hits Magnetic
84%
FANDOM [Reboot]
84%
Entertainment Sleep Alone
84%
Intellectual Property SNEAKING OUT OF HEAVEN
84%
Double Dare Take Her To The Moon
84%
Cluster Territory
84%
FANDOM Watch What Happens Next
84%
FANDOM Worst
84%
Black Light American History
82%
Intellectual Property BRAINWASHED
82%
Intellectual Property END OF THE WATER (FEEL)
82%
Double Dare It Follows
82%
Double Dare Little Violence
82%
Double Dare Made In America
82%
Greatest Hits Numb
82%
Double Dare Powerless
82%
adam&steve rainy days in la
82%
FANDOM Telephone
82%
Greatest Hits You'd Be Paranoid Too (If Everyone Was Out To Get You)
82%
Airplane Conversations Bones of '92
80%
Airplane Conversations Fantastic
80%
FANDOM Never Bloom Again
80%
Cluster No Capes
80%
Greatest Hits Fruit Roll Ups
78%
Intellectual Property 2 GUILT (INTERLUDE)
78%
Greatest Hits LIKE IT
78%
Double Dare Royal
78%
Intellectual Property SELF-SABOTAGE
78%
Greatest Hits Snow Globe
78%
Airplane Conversations They All Float
78%
FANDOM War Crimes
78%
Greatest Hits Crying Over It All
76%
Greatest Hits Just Kidding
76%
Black Light New Wave
76%
Greatest Hits Ice Bath
74%
Black Light I'm A Natural Blue
74%
FANDOM Zone Out
74%
Black Light Night Maps
72%
Greatest Hits The Secret Life Of Me
70%
No matching quizzes found
Score Distribution
Percent of People with Each Score
Percentile by Number Answered
Your Score History
You have not taken this quiz since the last reset